| 000 | 01052nam a2200301 4500 | ||
|---|---|---|---|
| 003 | EC-UNACH | ||
| 005 | 20251023110225.0 | ||
| 006 | s||||gr|||| 00| 00 | ||
| 008 | 150116t9999 mx r gr 000 0 spa d | ||
| 020 | _a978-9978-67-185-6 | ||
| 040 |
_aEC-UNACH _cEC-UNACH |
||
| 041 | _aspa | ||
| 082 | 0 | 4 |
_223 _a302.2 _bL017864 |
| 110 | _aCrearimagen | ||
| 245 | _aAmérica latina y el caribe Fragmentación o convergencia Experiencias recientes de la integración | ||
| 250 | _aPrimera edición | ||
| 264 |
_aEcuador _bCrearimagen _c2008 |
||
| 300 | _a316 | ||
| 505 | _aPrimera parte - Visiones globales de la integración Segunda parte - Esquemas de integración Regional Tercera parte - Bloques subregionales de integración. | ||
| 650 | _aIntegración comercial | ||
| 650 | _aInstrumento del desarrollo humano | ||
| 650 | _aComunidad andina | ||
| 700 | _aJosette Altmann y Francisco Rojas Aravena. | ||
| 942 |
_2ddc _c1 |
||
| 999 | _c14069 | ||